=LDR 00000nam 2200000 4500 =001 INLIS000000000036832 =005 20130612142608 =008 ***********************************Ind** =035 ##$$0010-061300000036832 =041 ##$$a Ind =082 ##$$a 641.692 =090 ##$$a 641.692, Yuk y =245 ##$$a Yuk makan ikan, sedapnya tim ikan, editor, Intarina Hardiman =260 ##$$a 2010 $b Jakarta =300 ##$$a 56 hlm, ilus, 21 cm =650 ##$$a Masakan (ikan)-resep =850 ##$$a NBPNMAT